00821nam a2200205 a 450000100060000000300080000600500170001400800410003103500190007204000370009104100080012808200220013610000360015824500640019426000860025830000310034450502180037565000130059365000090060622968BD-RjUL20211209000857.0180930r19451924pau 000 0 eng  a(BD-RjUL)23033 aDLCcYNGdOCLdEQOdBD-RjULbeng aeng 223a296bSCS 19451 aSchechter, Solomon,d1847-1915.10aStudies in Judaism :pThird series /cby Solomon Schechter. aPhiladelphia :bThe Jewish publication society of America,c1924 [Reprinted 1945] aix, [5], 328p. ;c20 cm.0 aThe Jewish saints in mediaeval Germany.--"As others saw Him." A retrospect, A.D.--Abraham Geiger.--Leopold Zunz.--On the study of the Talmud.--The Talmud.--Notes of lectures on Jewish philanthropy.--Notes.--Index. 0aJudaism. 0aJews